| 000 | 00814nam a2200181 i 4500 | ||
|---|---|---|---|
| 001 | 165142 | ||
| 003 | ES-MaACL | ||
| 005 | 20230906213056.0 | ||
| 008 | 050816s1868 fr | |||||||| ||fre d | ||
| 040 |
_aCAM _bspa _cCAM |
||
| 100 | 1 |
_aSéjourné, Emile. _9133093 |
|
| 245 | 1 | 0 |
_aPremières comédies _b: La dot de Nancy; A quelque chose malheur est bon; Le docteur Rivol; Que dira le monde? / _cpar Emile Séjourné; [préface de L. Méry]. |
| 260 |
_aParis : _bLibrairie Internationale : _bA. Lacroix, Verboeckhoven et c\pe\s éditeurs, _c1868 ( _eMarseille : _fImp. Nouv. A. Arnaud) |
||
| 300 |
_a233 p. ; _c21 cm. |
||
| 594 | _aProloguista tomado de la cub. original. | ||
| 700 | 1 |
_aMéry, L. _9130358 |
|
| 852 |
_aES-MaACL _jT-730-F-1 _z-- Enc. hol. conservando la cub. original _z-- Enc. en un vol. facticio |
||
| 999 |
_c165142 _d165142 |
||